Every Car in Rocket League - Statistics

General Stats
  • This quiz has been taken 35 times
  • The average score is 14 of 129
Answer Stats
Answer % Correct
Octane
100%
Dominus
80%
Fennec
80%
Dominus (Painted)
77%
Merc
63%
Batmobile (1989)
47%
Batmobile (2016)
47%
Scarab
47%
Road Hog
43%
X-Devil
37%
Hotshot
33%
Battle Bus
30%
Breakout
30%
Mario NSR
30%
Dominus GT
27%
Grog
27%
Sweet Tooth
27%
Gizmo
23%
Paladin
23%
Venom
23%
Luigi NSR
20%
Proteus
20%
Triton
20%
Zippy
20%
Esper
17%
Fast & Furious Nissan Skyline
17%
K.I.T.T.
17%
Octane ZSR
17%
Takumi
17%
Twinzer
17%
Mantis
13%
Marauder
13%
Ripper
13%
Aftershock
10%
Backfire
10%
DeLorean Time Machine
10%
Endo
10%
Jurassic Jeep® Wrangler
10%
Samurai
10%
Samus' Gunship
10%
Vulcan
10%
Armadillo
7%
Breakout Type-S
7%
Cyclone
7%
Dingo
7%
Ecto-1
7%
Fast & Furious Dodge Charger
7%
Maestro
7%
R3MX
7%
Road Hog XL
7%
Werewolf
7%
Artemis
3%
Bone Shaker
3%
Chikara
3%
Harbringer
3%
Harbringer GXT
3%
ice charger
3%
Jager 619 RS
3%
Lamborghini Huracán STO
3%
Masumane
3%
Maverick
3%
NASCAR Ford Mustang
3%
Nexus
3%
Nexus SC
3%
R3MX GXT
3%
The Dark Knights Tumbler
3%
007's Aston Martin DB5
0%
007's Aston Martin Valhalla
0%
Animus GP
0%
Artemis G1
0%
Artemis GXT
0%
BMW M240i
0%
CentioV17
0%
Chikara G1
0%
Chikara GXT
0%
Diestro
0%
Emperor
0%
Emperor II
0%
Emperor II: Frozen
0%
Emperor II: Scorched
0%
Fast 4WD
0%
Fast & Furious Pontiac Fiero
0%
Ford F-150 RLE
0%
Ford Mustang Mach-E RLE
0%
Ford Mustang Shelby GT350R RLE
0%
Formula 1 2021
0%
Gazella GT™
0%
Guardian
0%
Guardian G1
0%
Guardian GXT
0%
Hogsticker
0%
Honda Civic Type R
0%
Honda Civic Type R-LE
0%
Imperator DT5
0%
Insidio
0%
Komodo
0%
Maruder
0%
Maverick G1
0%
Maverick GXT
0%
McLaren 570S
0%
MR11
0%
Mudcat
0%
Mudcat G1
0%
Mudcat GXT
0%
NASCAR Chevrolet Camaro
0%
NASCAR Toyota Camry
0%
Nemesis
0%
Nimbus
0%
Nomad
0%
Nomad GXT
0%
Outlaw
0%
Outlaw GXT
0%
Peregrine TT
0%
Ronin
0%
Ronin G1
0%
Ronin GXT
0%
Sentinel
0%
Takumi RX-T
0%
Twin Mill III
0%
Tygris
0%
Tyranno
0%
Tyranno GXT
0%
X-Devil Mk2
0%
No matching quizzes found
Score Distribution
Percent of People with Each Score
Percentile by Number Answered
Your Score History
You have not taken this quiz